000 01015nac a22002897a 4500
001 BR8302255
003 BR-BrBNA
005 20240105115713.0
008 230509b bl.|||m| |||| 00| 0 por d
040 _aBR-BrBNA
_bpor
_cBiblioteca Nacional de Agricultura
072 _aF00
090 _a0336 BR8302255
110 1 _aCentro Nacional de Pesquisa de Soja, Londrina, PR (Brasil)
_91793
245 1 _aRecomendacoes de cultivares de soja, epocas de semeadura, populacoes, densidades e espacamentos de soja para o estado do Parana para o ano agricola 1983/84 [Glycine max, Brasil]
260 3 _aLondrina, PR (Brasil):
_c1983.
300 _a8 p.
490 _aComunicado Tecnico - Centro Nacional de Pesquisa de Soja (Brazil)
_vno. 20
_xISSN 0100-6606
650 _aSOJA
650 _aVARIEDADE
650 _aSEMEADURA
650 _aDENSIDADE DE PLANTIO
650 _aESPACAMENTO
650 _aMATURACAO
650 _aPARANA
909 _a202312
_bLúcia Elande
_c55
_dLúcia Elande
942 _2AGRIS
_n0
_cMS
999 _c275995
_d275995